Diccionario Amahuaca
Shranjeno v:
| Glavni avtor: | |
|---|---|
| Format: | Knjiga |
| Jezik: | španščina |
| Izdano: |
Pucallpa
Instituto Lingüístico de Verano
1980
|
| Serija: | Serie Lingüística Peruana, 7
|
| Teme: | |
| Oznake: |
Označite
Brez oznak, prvi označite!
|
MARC
| LEADER | 00000nam a2200000 a 4500 | ||
|---|---|---|---|
| 001 | UCN5936 | ||
| 003 | CL-VaPUC | ||
| 008 | 010913e19800000pe |||||||||||||||||amc|d | ||
| 041 | 0 | 7 | |a amc |2 CL-VaPUC |
| 041 | 0 | 7 | |a spa |2 CL-VaPUC |
| 082 | 0 | 4 | |a 498.323 |b HYD |2 21 |
| 100 | 0 | |a Hyde, Sylvia |e author |9 461649 | |
| 245 | 1 | 0 | |a Diccionario Amahuaca |
| 300 | |a 154 p | ||
| 942 | |c BK | ||
| 945 | |d 20010913 00:00:00 |a rbrito | ||
| 260 | |a Pucallpa |b Instituto Lingüístico de Verano |c 1980 | ||
| 650 | 7 | |a LENGUA AMAHUACA |2 CL-VaPUC |9 461650 | |
| 650 | 0 | |a Diccionarios |9 256200 | |
| 651 | 0 | |a Perú |9 256567 | |
| 583 | |a last modification |c 20171218 12:11:57 |k Rodrigo Vera | ||
| 490 | 0 | |a Serie Lingüística Peruana, 7 | |
| 999 | |c 297038 |d 297036 | ||
| 952 | |0 0 |1 0 |4 0 |6 498_323000000000000_HYD_1980 |7 0 |8 A |9 351421 |a FDOPOS |b FDOPOS |d 2019-11-21 |i 370789K |o 498.323 HYD 1980 |p 370789K |r 2025-01-22 |w 2019-11-21 |y BK |k MLA | ||